00402nam a22001577a 450000500170000000800410001704000070005804100120006508200210007724500350009826000480013330000150018165000120019670000180020870000180022620230328121442.0230328b ||||| |||| 00| 0 eng d cAL aEnglish 223a536/91bDUGF aFundamentals of modern physics aJalandharbShoban Nagin Chand and coc1984 a120 p.bHB aPhysics aDUGGAL (B D)  aCHHABRA (C L)